Indovina il paese dalla prima e ultima lettera - Statistics

Statistiche generali
  • Questo quiz è stato fatto 233 volte
  • Il punteggio medio è 12 su 18
Statistiche sulle risposte
Prima
lettera
Ultima
lettera
Paese % Corretto
Y N yemen
92%
O N oman
91%
I Q iraq
89%
U Y uruguay
87%
N L nepal
86%
G N gabon
79%
T U tuvalu
78%
K I kiribati
76%
H S honduras
73%
G I gibuti
71%
K T kuwait
66%
N R niger
63%
P U palau
60%
L N liechtenstein
49%
M E maldive
49%
B H bangladesh
40%
S S seychelles
36%
S D swaziland
24%
Nessun quiz corrispondente trovato
Distribuzione punteggi
Percentuale di utenti per punteggio
Percentile per numero di risposta
I tuoi punteggi nel tempo
Non hai fatto questo quiz